| 000 | 01146nam a2200313 i 4500 | ||
|---|---|---|---|
| 003 | DO-SdBNP | ||
| 005 | 20250611112301.0 | ||
| 007 | ta | ||
| 008 | 250506s1981 dr a 000 0 spa d | ||
| 040 |
_aDO-SdBNP _bspa _cBNPHU _erda |
||
| 082 |
_axxx _bC355 _222 |
||
| 100 | 1 |
_aCastro de la Mata, Renato _eautor _4aut _987663 |
|
| 245 | 1 | 0 |
_aMedicina popular / _cRenato Castro de la Mata, Sussara Bresarni, Alejandro Crespo, Bárbara Ehrenreich, Eduardo Estrella y otros |
| 264 | 1 |
_aSanto Domingo : _bImpresora Corporán, _c1981. |
|
| 300 |
_a75 páginas _bilustraciones _c21 cm. |
||
| 336 |
_atexto _btxt _2rdacontent |
||
| 337 |
_asin mediación _bn _2rdamedia |
||
| 338 |
_avolumen _bnc _2rdacarrier |
||
| 490 | 0 | _aSalud y medicina popular | |
| 590 | _aInventariado, 2025/ YL | ||
| 700 | 1 |
_aBresarni, Sussara _935836 _eautor _4aut. |
|
| 700 | 1 |
_aCrespo, Alejandro _eautor _4aut. _987665 |
|
| 700 | 1 |
_aEhrennreich, Bárbara _eautor _4aut. _987666 |
|
| 700 | 1 |
_aEstrella, Eduardo _eautor _4aut. _987667 |
|
| 700 | 1 |
_aSampertegui, Fernando _eautor _4aut. _987668 |
|
| 700 | 1 |
_aVasco, Alberto _eautor _4aut. _987669 |
|
| 910 | _aYLockward | ||
| 942 |
_2ddc _cLBS1 |
||
| 999 |
_c58941 _d58941 |
||